| 000 | 00805 a2200253 4500 | ||
|---|---|---|---|
| 003 | OSt | ||
| 005 | 20180116192335.0 | ||
| 008 | 120301t xxu||||| |||| 00| 0 eng d | ||
| 010 | _a61007689 | ||
| 020 | _a156731211-x | ||
| 020 | _a9781567312119 | ||
| 040 | _c0 | ||
| 082 | 0 | 0 | _a301.36 |
| 100 | 1 |
_aMumford, Lewis, _9510 |
|
| 245 | 1 | 4 | _aThe city in history: its origins, its transformations, and its prospects. |
| 250 | _a[1st ed.] | ||
| 260 |
_aNew York,: _bHarcourt, Brace & World. _c[1961]. |
||
| 300 |
_axi, 657 p.: _bplates, maps.; _c25 cm. |
||
| 500 | _aIncludes bibliographical refrences and index | ||
| 650 | 0 |
_aCities and towns _xHistory. _9511 |
|
| 650 | 0 |
_aCity planning _9512 |
|
| 942 |
_aSADA _cBK _k301.36 MUM 1961 _2ddc |
||
| 999 |
_c352457 _d352457 |
||